| 000 -LEADER |
| fixed length control field |
02998nam a22003497a 4500 |
| 008 - FIXED-LENGTH DATA ELEMENTS--GENERAL INFORMATION |
| fixed length control field |
250529b xxu||||| |||| 00| 0 eng d |
| 040 ## - CATALOGING SOURCE |
| Original cataloging agency |
Cagayan State University |
| 082 ## - DEWEY DECIMAL CLASSIFICATION NUMBER |
| Classification number |
791.4372 |
| Item number |
F6922 2024 |
| 245 ## - TITLE STATEMENT |
| Title |
For love & honey / directed by Kevin Fair ; produced by Colin Azzopardi, Cristian Daniel Bolocan, Oneida Crawford, Kevin Fair, Aren Prupas, Jesse Prupas, Michelle Ricci, Evan Tussman ; written by Caitlin D. Fryers, Michelle Ricci. |
| 260 ## - PUBLICATION, DISTRIBUTION, ETC. (IMPRINT) |
| Place of publication, distribution, etc |
United States : |
| Name of publisher, distributor, etc |
Hallmark Media, |
| Date of publication, distribution, etc |
2024. |
| 300 ## - PHYSICAL DESCRIPTION |
| Extent |
1 videofile, (ca. 84 mins.) : |
| Other physical details |
sound, color. |
| 520 ## - SUMMARY, ETC. |
| Summary, etc |
Dr. Austen Morgan, an archaeology professor with North Dobson University in Michigan, is currently following up on some research in Port Grace, Malta concerning a reference to a "golden way" in Port Grace mentioned in a diary recently unearthed in a 17th century Jesuit settlement in Michigan. That description alongside a drawing of a box, its contents unknown but which Austen believes may have contained whatever riches were brought to the new world from Port Grace. He is in a time crunch as he learns that he has one week to submit a proposal for the only funded project by the university for the year. If he gets it, it would certainly guarantee securing his dream of the soon to be open tenured position. In Port Grace, he literally and figuratively has a few run-ins with local apiarist Eva Bellacallea, those antagonistic encounters only exasperated by his fear of bees due to being highly allergic to their stings. Eva has only recently returned to this work in the family business and Malta following her mother's passing, her younger sister Chloe temporarily assisting specifically with the business' role in the town's imminent honey festival in taking a break after being passed over for a promotion in her marketing job. While moving a wild hive on the side of a building, Eva uncovers a fresco, the incomplete images which Austen believes may be keys to his research. With their work intersecting, Austen and Eva end up spending time together and start to fall for each other. Beyond the geographic differences in Austen having to head home to Michigan at some point in time, what happens between the two of them may be affected by the intersection of their work and how one may impact the other, both for good and bad. |
| 546 ## - LANGUAGE NOTE |
| Language note |
In English subtitle. |
| 650 ## - SUBJECT ADDED ENTRY--TOPICAL TERM |
| Topical term or geographic name as entry element |
Comedy. |
| 650 ## - SUBJECT ADDED ENTRY--TOPICAL TERM |
| Topical term or geographic name as entry element |
Drama. |
| 650 ## - SUBJECT ADDED ENTRY--TOPICAL TERM |
| Topical term or geographic name as entry element |
Romance. |
| 700 ## - ADDED ENTRY--PERSONAL NAME |
| Personal name |
Walker, Andrew, W., star. |
| 700 ## - ADDED ENTRY--PERSONAL NAME |
| Personal name |
Clunie, Margaret, star. |
| 700 ## - ADDED ENTRY--PERSONAL NAME |
| Personal name |
Vilanova, Amanda, star. |
| 700 ## - ADDED ENTRY--PERSONAL NAME |
| Personal name |
Azzopardi, Nicola, star. |
| 700 ## - ADDED ENTRY--PERSONAL NAME |
| Personal name |
Tucci, Davide, star. |
| 700 ## - ADDED ENTRY--PERSONAL NAME |
| Personal name |
Cauchi, Manuel, star. |
| 700 ## - ADDED ENTRY--PERSONAL NAME |
| Personal name |
Ellul, Anthony, star. |
| 700 ## - ADDED ENTRY--PERSONAL NAME |
| Personal name |
Porter, Ian, star. |
| 700 ## - ADDED ENTRY--PERSONAL NAME |
| Personal name |
Rafael, Axel, star. |
| 700 ## - ADDED ENTRY--PERSONAL NAME |
| Personal name |
Kosumovic, May-Linda, star. |
| 700 ## - ADDED ENTRY--PERSONAL NAME |
| Personal name |
Peres, Marysia, S., star. |
| 700 ## - ADDED ENTRY--PERSONAL NAME |
| Personal name |
Doughty, Marvic, star. |
| 700 ## - ADDED ENTRY--PERSONAL NAME |
| Personal name |
Hodgson, Andy, cinematographer. |
| 700 ## - ADDED ENTRY--PERSONAL NAME |
| Personal name |
Ilkow, Annie, editor. |
| 942 ## - ADDED ENTRY ELEMENTS (KOHA) |
| Source of classification or shelving scheme |
|
| Item type |
Audio-Visual Materials |